000 00684nam a22002537a 4500
003 MX-MxINE
005 20260530113917.0
008 260508b1979 |||a|||| |||| 00| 0 eng d
020 _a0895350076
040 _aICI
_bspa
_cICI
_erda
041 _aeng
050 _aGV1312
_b.B45
100 _aR. C., Bell,
_eautor
_934213
245 _aThe boardgame book
_cR. C. Bell.
264 _aNew York
_bExcalibur Books,
_c1979.
300 _a160 páginas
336 _2rdacontent
_atexto
337 _2rdamedia
_asin medio
338 _2rdacarrier
_avolumen
650 _aBoard games
_xHistory.
_934214
650 _aGames.
_934215
650 _aRecreation.
_934216
942 _2lcc
_cBK
_n1
999 _c12324
_d12324